| 000 | 00549nam a2200193Ia 4500 | ||
|---|---|---|---|
| 003 | GCL | ||
| 008 | 140319s9999 xx 000 0 eng d | ||
| 040 |
_aGCL / _cGCL |
||
| 082 | 0 | 4 |
_a613.71 _bP E |
| 100 | 1 | _aPOWERSM SCOTT K. | |
| 245 | 1 | 0 |
_aEXERCISE PHYSIOLOGY THEORY AND APPLICATION TO FITNESS AND PERFRMANCE / _cPOWERSM SCOTT K. |
| 700 | 1 | _aHOWLEY, EDWARD T. | |
| 260 |
_a[S.N] : _bW C B BROUN AND BENCHMSRK PUBBISHERS ، _c1994 |
||
| 300 | _a608 P | ||
| 650 | 0 | 4 | _aEXERCISES |
| 650 | 0 | 4 | _aFITNESS |
| 650 | 0 | 4 | _aPHYSIOLOGY |
| 942 |
_2ddc _cBK |
||
| 999 |
_c11722 _d11722 |
||